000 00846nam a2200205Ii 4500
003 JO-AjNU
008 230605s9999||||xx |||||||||||||| ||und||
040 _aJO-AjNU
_bara
_erda
_cJO-AjNU
041 _aara
050 1 4 _aBP130.4.J2
100 3 _aالمحلي، جلال الدين محمد بن احمد، م مشارك جلال الدين عبد الرحمن بن ابي بكر السيوطي؛ تقديم ومراجعه مروان سوار ,
_eauthor
_962084
245 0 0 _aتفسير الجلالين بهامش المصحف الشريف بالرسم العثماني
250 _aط1
264 3 1 _aبيروت: دار المعرفة، د.ت
300 _a832ص
336 _atext
_btxt
_2rdacontent
337 _aunmediated
_bn
_2rdamedia
338 _avolume
_bnc
_2rdacarrier
650 4 _aالقران الكريم-تفاسير
_962085
999 _aA28095
_c31663
_d31663